[Event "Hastings Online All-Play-All"]
[Site "Tornelo INT"]
[Date "2021.01.10"]
[EventDate "2021.01.09"]
[Round "9.6"]
[Result "0-1"]
[White "Keith Arkell"]
[Black "Ameet Ghasi"]
[WhiteElo "2381"]
[BlackElo "2485"]
[PlyCount "118"]

1. Nf3 Nf6 2. c4 g6 3. b3 Bg7 4. Bb2 O-O 5. g3 b6 6. Bg2 Bb7
7. O-O e6 8. Nc3 c5 9. d3 d5 10. cxd5 Nxd5 11. Qd2 Nxc3
12. Bxc3 Bxc3 13. Qxc3 Nd7 14. Rfd1 Rc8 15. Rac1 Qf6 16. Ne5
Nxe5 17. Bxb7 Rcd8 18. f4 Qe7 19. Qxe5 Qxb7 20. d4 Rd5 21. Qe4
Qd7 22. e3 Rd8 23. Rc4 b5 24. Rc2 cxd4 25. Rxd4 Rxd4 26. Qxd4
Qxd4 27. exd4 Rxd4 28. Kf2 a5 29. Ke3 Rd5 30. a3 Kg7 31. Rc7
Rd1 32. Rb7 Ra1 33. Rxb5 Rxa3 34. Ke4 h6 35. g4 a4 36. bxa4
Rxa4+ 37. Kf3 Ra3+ 38. Kg2 Rd3 39. h4 Rd5 40. Rb7 g5 41. hxg5
hxg5 42. fxg5 Rxg5 43. Kf3 Ra5 44. Rb8 Kf6 45. Rb7 Ra3+
46. Kf2 Kg6 47. Re7 Kf6 48. Rb7 e5 49. Rc7 Kg6 50. Kg2 f6
51. Rc8 Kg5 52. Rg8+ Kf4 53. Rg6 Ra6 54. Kh3 e4 55. Rg8 Ra3+
56. Kh4 e3 57. Re8 Ra5 58. Re6 f5 59. g5 Re5 0-1

[Event "Hastings Online All-Play-All"]
[Site "Tornelo INT"]
[Date "2021.01.10"]
[EventDate "2021.01.09"]
[Round "10.1"]
[Result "1/2-1/2"]
[White "Nicholas Pert"]
[Black "Ameet Ghasi"]
[WhiteElo "2548"]
[BlackElo "2485"]
[PlyCount "120"]

1. d4 Nf6 2. Nf3 g6 3. g3 Bg7 4. Bg2 O-O 5. O-O d5 6. c4 c6
7. cxd5 cxd5 8. Nc3 e6 9. Bf4 Nc6 10. Ne5 Bd7 11. Rc1 Nh5
12. Nxc6 Bxc6 13. Be3 Nf6 14. Qd2 Qb6 15. Rfd1 Rfc8 16. b3 Ng4
17. Bg5 h6 18. Be7 Re8 19. Bc5 Qd8 20. e3 Qd7 21. a4 b6
22. Ba3 Nf6 23. Rc2 h5 24. Rdc1 h4 25. Nb5 Rec8 26. Nd6 Rc7
27. Rc3 Bf8 28. Qc2 Bxd6 29. Bxd6 Qxd6 30. Rxc6 Rxc6 31. Qxc6
Qxc6 32. Rxc6 Rd8 33. gxh4 Rd7 34. Bf3 Kg7 35. Kg2 Rb7 36. Rc8
a5 37. Kg3 b5 38. Ra8 bxa4 39. bxa4 Rb3 40. Rxa5 Ne8 41. h5
Nd6 42. hxg6 Kxg6 43. Ra8 Nf5+ 44. Kf4 Rb2 45. e4 Nxd4
46. exd5 e5+ 47. Kxe5 Nxf3+ 48. Kd6 Rxf2 49. a5 Rxh2 50. a6
Ra2 51. Ke7 Re2+ 52. Kd6 Kf6 53. a7 Ra2 54. Kc7 Nd4 55. Kb6
Ke5 56. Re8+ Kxd5 57. a8=Q+ Rxa8 58. Rxa8 f5 59. Rf8 Ke4
60. Rxf5 Nxf5 1/2-1/2

[Event "Hastings Online All-Play-All"]
[Site "Tornelo INT"]
[Date "2021.01.10"]
[EventDate "2021.01.09"]
[Round "10.2"]
[Result "0-1"]
[White "Glenn C Flear"]
[Black "Keith Arkell"]
[WhiteElo "2431"]
[BlackElo "2381"]
[PlyCount "98"]

1. d4 e6 2. c4 Bb4+ 3. Bd2 Bxd2+ 4. Qxd2 Nf6 5. Nc3 d6 6. e4
O-O 7. Nge2 e5 8. d5 a5 9. g3 Bg4 10. Bg2 Bxe2 11. Qxe2 Nbd7
12. O-O Re8 13. Bh3 Nc5 14. b3 c6 15. Rab1 Qb6 16. Rfc1 Qb4
17. f3 g6 18. Kh1 Kg7 19. Rc2 h5 20. Qe3 h4 21. g4 Red8
22. Bf1 Qb6 23. a3 Qc7 24. b4 axb4 25. axb4 Na4 26. Nxa4 Rxa4
27. dxc6 bxc6 28. Qg5 Rh8 29. Be2 h3 30. Qd2 Ra3 31. Rc3 Rha8
32. Bf1 Ra2 33. Rb2 Ra1 34. Rc1 Rxc1 35. Qxc1 Ra3 36. Rf2 Qa7
37. c5 dxc5 38. Qxc5 Qxc5 39. bxc5 Rc3 40. Bxh3 Nd7 41. g5
Nxc5 42. Bg4 Nd3 43. Ra2 c5 44. Ra7 Nf4 45. h4 Rc1+ 46. Kh2 c4
47. Re7 Rc2+ 48. Kg1 c3 49. Rc7 Rd2 0-1

[Event "Hastings Online All-Play-All"]
[Site "Tornelo INT"]
[Date "2021.01.10"]
[EventDate "2021.01.09"]
[Round "10.4"]
[Result "1/2-1/2"]
[White "Matthew J Turner"]
[Black "Gawain Jones"]
[WhiteElo "2509"]
[BlackElo "2670"]
[PlyCount "96"]

1. d4 Nf6 2. Bg5 d5 3. e3 Ne4 4. Bf4 Bf5 5. Nd2 e6 6. Bd3 Nxd2
7. Qxd2 Bxd3 8. Qxd3 Bd6 9. Ne2 O-O 10. O-O Nc6 11. c4 Nb4
12. Qb3 dxc4 13. Qxc4 Nd5 14. Bxd6 cxd6 15. Rac1 Qd7 16. Qb3
a5 17. Nc3 a4 18. Qa3 Nxc3 19. Rxc3 Qb5 20. Rfc1 h6 21. g3 Qd5
22. b3 b5 23. Rc6 Rfd8 24. bxa4 Rxa4 25. Qb3 Qxb3 26. axb3 Ra3
27. Rb1 Ra2 28. Rb6 Rc8 29. Rxb5 Rcc2 30. Rf1 d5 31. Kg2 g5
32. g4 Rc3 33. Kg3 Rb2 34. h4 Kg7 35. hxg5 hxg5 36. b4 Rc4
37. Ra1 Rb3 38. Kg2 Kf6 39. Rb7 Rcxb4 40. Rxb4 Rxb4 41. Ra7
Rb8 42. Kg3 Rh8 43. Rb7 Rh1 44. Kg2 Rh4 45. Kg3 Kg6 46. Re7
Rh1 47. Kg2 Ra1 48. Rb7 Ra6 1/2-1/2

[Event "Hastings Online All-Play-All"]
[Site "Tornelo INT"]
[Date "2021.01.10"]
[EventDate "2021.01.09"]
[Round "10.5"]
[Result "1-0"]
[White "Luke McShane"]
[Black "Matthew J Wadsworth"]
[WhiteElo "2674"]
[BlackElo "2416"]
[PlyCount "105"]

1. e4 c5 2. Nf3 e6 3. d4 cxd4 4. Nxd4 Nc6 5. Nc3 Qc7 6. Be2 a6
7. O-O Nf6 8. Be3 Bb4 9. Na4 Be7 10. Nxc6 bxc6 11. Nb6 Rb8
12. Nxc8 Qxc8 13. Bd4 c5 14. Be5 Rb6 15. b3 Nxe4 16. Bxg7 Rg8
17. Bb2 Rd6 18. Bd3 Bf6 19. Bxf6 Nxf6 20. Qe2 Qc6 21. f4 Rd4
22. Rf3 Qd6 23. Raf1 c4 24. bxc4 Qc5 25. Kh1 Ng4 26. h3 h5
27. Rg3 Rh8 28. f5 Ne5 29. fxe6 dxe6 30. Rg5 f5 31. Bxf5 Qxc4
32. Qxc4 Nxc4 33. Bxe6 Nd2 34. Re1 Ne4 35. Rd5 Ng3+ 36. Kh2
Re4 37. Rxe4 Nxe4 38. Ra5 h4 39. Rxa6 Ke7 40. Bb3 Ng3 41. Ra4
Kf6 42. Rg4 Nf5 43. Kg1 Rd8 44. Kf2 Rd2+ 45. Ke1 Rd6 46. Ke2
Ke5 47. c3 Rc6 48. Bc2 Rxc3 49. Bxf5 Kxf5 50. a4 Rc2+ 51. Kf1
Rc1+ 52. Kf2 Rc2+ 53. Kg1 1-0

[Event "Hastings Online All-Play-All"]
[Site "Tornelo INT"]
[Date "2021.01.10"]
[EventDate "2021.01.09"]
[Round "10.6"]
[Result "1/2-1/2"]
[White "Daniel Gormally"]
[Black "David Howell"]
[WhiteElo "2479"]
[BlackElo "2658"]
[PlyCount "70"]

1. d4 Nf6 2. Nf3 g6 3. c4 Bg7 4. g3 d5 5. Bg2 dxc4 6. O-O O-O
7. Na3 c3 8. bxc3 c5 9. Bb2 Nc6 10. Re1 Qb6 11. Nc4 Qb5
12. Nfd2 Be6 13. a4 Qa6 14. Na3 Rfd8 15. Nb5 Rac8 16. e3 b6
17. c4 Ne8 18. Bxc6 Rxc6 19. Qb3 cxd4 20. exd4 Rcc8 21. d5 Qb7
22. Bxg7 Nxg7 23. Qe3 Nf5 24. Qf4 Bd7 25. g4 Bxb5 26. gxf5 Ba6
27. f6 exf6 28. Ne4 Rxc4 29. Nxf6+ Kg7 30. Nh5+ Kg8 31. Qg5
Qc8 32. Nf6+ Kg7 33. Nh5+ Kg8 34. Nf6+ Kg7 35. Nh5+ Kg8
1/2-1/2

[Event "Hastings Online All-Play-All"]
[Site "Tornelo INT"]
[Date "2021.01.10"]
[EventDate "2021.01.09"]
[Round "11.1"]
[Result "1-0"]
[White "David Howell"]
[Black "Nicholas Pert"]
[WhiteElo "2658"]
[BlackElo "2548"]
[PlyCount "97"]

1. d4 e6 2. c4 f5 3. g3 Nf6 4. Bg2 Be7 5. Nh3 d6 6. Nc3 O-O
7. Nf4 c6 8. Nd3 Nbd7 9. Bf4 h6 10. h4 Ng4 11. f3 Ngf6 12. Qb3
b6 13. O-O-O c5 14. d5 e5 15. Bd2 a6 16. a4 b5 17. axb5 axb5
18. Nxb5 Nb6 19. Bc3 Nh5 20. Nxe5 dxe5 21. Bxe5 Nd7 22. Bc7
Qe8 23. g4 Qg6 24. Qd3 Ra1+ 25. Kc2 Rxd1 26. Rxd1 Kh7 27. gxf5
Qxf5 28. Qxf5+ Rxf5 29. Na7 Rf8 30. Bh3 Nb6 31. Nxc8 Nxc8
32. d6 Bxh4 33. d7 Na7 34. Rd5 Nf4 35. Bxf4 Rxf4 36. Rxc5 Bd8
37. b4 g5 38. b5 h5 39. Rc8 Bb6 40. c5 Ba5 41. b6 Rc4+ 42. Kd3
Rc3+ 43. Ke4 g4 44. d8=Q Nxc8 45. Qxc8 gxh3 46. Qxh3 Rxc5
47. b7 Bc7 48. Qd7+ Kh6 49. Qe6+ 1-0

[Event "Hastings Online All-Play-All"]
[Site "Tornelo INT"]
[Date "2021.01.10"]
[EventDate "2021.01.09"]
[Round "11.2"]
[Result "1/2-1/2"]
[White "Matthew J Wadsworth"]
[Black "Daniel Gormally"]
[WhiteElo "2416"]
[BlackElo "2479"]
[PlyCount "61"]

1. c4 e5 2. g3 Nf6 3. Bg2 Nc6 4. Nc3 Bc5 5. Nf3 d6 6. d3 O-O
7. O-O a6 8. a3 h6 9. b4 Ba7 10. Bb2 Nd4 11. Nxd4 Bxd4 12. e3
Ba7 13. d4 exd4 14. exd4 c6 15. d5 Bg4 16. Qd3 Qd7 17. dxc6
bxc6 18. b5 cxb5 19. cxb5 Rab8 20. a4 Bf5 21. Qd2 Bh3 22. Rad1
Bxg2 23. Kxg2 axb5 24. Nxb5 Ne4 25. Qd5 Rfe8 26. h4 Qg4
27. Bd4 Bc5 28. Bxc5 dxc5 29. Rfe1 Nf6 30. Qxc5 Qxa4 31. Nd6
1/2-1/2

[Event "Hastings Online All-Play-All"]
[Site "Tornelo INT"]
[Date "2021.01.10"]
[EventDate "2021.01.09"]
[Round "11.3"]
[Result "0-1"]
[White "Gawain Jones"]
[Black "Luke McShane"]
[WhiteElo "2670"]
[BlackElo "2674"]
[PlyCount "88"]

1. e4 c5 2. Nc3 Nc6 3. Bb5 Nd4 4. Nf3 e6 5. O-O Ne7 6. Nxd4
cxd4 7. Ne2 a6 8. Ba4 b5 9. Bb3 Nc6 10. d3 Bc5 11. Nf4 g6
12. Nh3 Qe7 13. Bh6 Bb7 14. c3 f6 15. Nf4 Rg8 16. Nd5 exd5
17. exd5 Ne5 18. d6 Qxd6 19. Bxg8 dxc3 20. Kh1 cxb2 21. Rb1
Bd4 22. f4 Nc6 23. Re1+ Kd8 24. Bb3 Kc7 25. Qc2 Kb6 26. Bg7
Rc8 27. Qe2 Qxf4 28. Rf1 Qe5 29. Qf3 Nb4 30. Qxf6+ Qxf6
31. Bxf6 Bxf6 32. Rxf6+ Ka5 33. Rff1 Nxd3 34. a3 Rc1 35. Kg1
Be4 36. Bg8 g5 37. Bb3 d5 38. h3 h5 39. Rd1 Nc5 40. Rbxc1
bxc1=Q 41. Rxc1 Nxb3 42. Rc6 d4 43. Re6 d3 44. Kf2 d2 0-1

[Event "Hastings Online All-Play-All"]
[Site "Tornelo INT"]
[Date "2021.01.10"]
[EventDate "2021.01.09"]
[Round "11.4"]
[Result "0-1"]
[White "Mark Hebden"]
[Black "Matthew J Turner"]
[WhiteElo "2453"]
[BlackElo "2509"]
[PlyCount "64"]

1. d4 Nf6 2. Nc3 d5 3. Bf4 c5 4. e3 cxd4 5. exd4 a6 6. Nf3 Bg4
7. h3 Bxf3 8. Qxf3 Nc6 9. O-O-O e6 10. Kb1 Bd6 11. g4 Bxf4
12. Qxf4 Rc8 13. g5 Ng8 14. h4 Qc7 15. Qg4 Nge7 16. h5 Na5
17. Bd3 Nc4 18. Bxc4 Qxc4 19. g6 hxg6 20. hxg6 Rxh1 21. gxf7+
Kxf7 22. Rxh1 Nf5 23. Rg1 Qxd4 24. Qg6+ Ke7 25. Re1 Qxf2
26. Qxe6+ Kd8 27. Rc1 Kc7 28. Nxd5+ Kb8 29. Qf7 g6 30. Qxg6
Ng3 31. Nb6 Rd8 32. Qf6 Qxf6 0-1

[Event "Hastings Online All-Play-All"]
[Site "Tornelo INT"]
[Date "2021.01.10"]
[EventDate "2021.01.09"]
[Round "11.5"]
[Result "1/2-1/2"]
[White "Keith Arkell"]
[Black "Michael Adams"]
[WhiteElo "2381"]
[BlackElo "2716"]
[PlyCount "76"]

1. d4 Nf6 2. Nf3 e6 3. c4 d5 4. cxd5 exd5 5. Nc3 c6 6. Qc2 g6
7. Bg5 Be7 8. Bxf6 Bxf6 9. e3 Be6 10. b4 Nd7 11. Be2 O-O
12. O-O Rc8 13. Rab1 b5 14. a4 a6 15. a5 Be7 16. Na2 Bd6
17. Nc1 Qe7 18. Nd3 Bf5 19. Qc3 Nf6 20. Rb3 Bxd3 21. Bxd3 Rfe8
22. Rc1 h5 23. g3 Rc7 24. Qb2 Ne4 25. Bf1 Qf6 26. Bg2 Re6
27. Qe2 Qe7 28. Qb2 Rf6 29. Rc2 Qe6 30. Qb1 Qf5 31. Qc1 Kg7
32. h4 Bf8 33. Kh2 Nd6 34. Ne5 Nc4 35. Bh3 Qe4 36. Bg2 Qf5
37. Bh3 Qe4 38. Bg2 Qf5 1/2-1/2

[Event "Hastings Online All-Play-All"]
[Site "Tornelo INT"]
[Date "2021.01.10"]
[EventDate "2021.01.09"]
[Round "11.6"]
[Result "0-1"]
[White "Ameet Ghasi"]
[Black "Glenn C Flear"]
[WhiteElo "2485"]
[BlackElo "2431"]
[PlyCount "126"]

1. Nf3 d5 2. g3 Bg4 3. Bg2 Nd7 4. O-O Ngf6 5. d4 e6 6. Nbd2 c6
7. Re1 Be7 8. e4 dxe4 9. Nxe4 Nxe4 10. Rxe4 Bf5 11. Re1 O-O
12. c3 Qb6 13. h3 h6 14. Qe2 Rfd8 15. g4 Bg6 16. g5 hxg5
17. Nxg5 Nf6 18. h4 c5 19. Be3 Rac8 20. Rad1 Nd5 21. dxc5 Bxc5
22. Bxc5 Rxc5 23. Qe5 Rf8 24. Qd4 Qc7 25. Rxe6 fxe6 26. Nxe6
Nf4 27. Qxc5 Nxe6 28. Qxc7 Nxc7 29. Rd7 Rf7 30. Rd6 Bb1 31. a4
b6 32. b4 Re7 33. c4 Kf7 34. Rc6 Bc2 35. a5 bxa5 36. bxa5 Ba4
37. Rc5 Ne6 38. Rf5+ Ke8 39. a6 Nd4 40. Rc5 Bd7 41. Bb7 Be6
42. Kh2 Kd8 43. Kg3 Rc7 44. Rxc7 Kxc7 45. c5 Nb3 46. c6 Nd4
47. Kf4 Nxc6 48. Kg5 Bf7 49. f4 Nd8 50. Be4 Kb6 51. Bd3 Ne6+
52. Kf5 Nc5 53. Bf1 Nxa6 54. Ke5 Nc5 55. Kd6 a5 56. f5 a4
57. Ke7 Bb3 58. h5 a3 59. f6 gxf6 60. h6 a2 61. h7 a1=Q
62. h8=Q Qa7+ 63. Kf8 Qf7# 0-1